[Event "European Blitz-ch 2018"]
[Site "Skopje"]
[Date "2018.12.07"]
[Round "20"]
[White "Erdos, Viktor"]
[Black "Saraci, Nderim"]
[Result "1-0"]
[WhiteElo "2605"]
[BlackElo "2382"]
[PlyCount "59"]
[EventDate "2018.12.06"]
[EventType "swiss"]
[EventCountry "MKD"]

1. Nf3 d5 2. d4 Nf6 3. c4 c6 4. e3 a6 5. Nc3 Bg4 6. Qb3 Ra7 7. Ne5 Bf5 8. cxd5 cxd5 9. Be2 e6 10. g4 Be4 11. f3 Bg6 12. h4 h5 13. g5 Ng8 14. Nxg6 fxg6 15. e4 Ne7 16. Be3 Nbc6 17. O-O-O b5 18. Kb1 Na5 19. Qc2 Nc4 20. Bf4 Kf7 21. Rhe1 Qd7 22. Bf1 Kg8 23. Bh3 dxe4 24. Rxe4 Nf5 25. d5 exd5 26. Rxd5 Qf7 27. Re1 Rd7 28. Bxf5 gxf5 29. g6 Qxd5 30. Nxd5 1-0

[Event "European Blitz-ch 2018"]
[Site "Skopje"]
[Date "2018.12.07"]
[Round "20"]
[White "Banikas, Hristos"]
[Black "Stefanova, Antoaneta"]
[Result "1-0"]
[WhiteElo "2601"]
[BlackElo "2486"]
[Annotator "TA"]
[PlyCount "73"]
[EventDate "2018.12.06"]
[EventType "swiss"]
[EventCountry "MKD"]

1. d4 d5 2. c4 c6 3. Nf3 Nf6 4. Nbd2 Bf5 5. Nh4 Be4 6. f3 Bg6 7. e3 e6 8. g3 Be7 9. Nxg6 hxg6 10. Bg2 Nbd7 11. O-O Qc7 12. b3 e5 13. cxd5 Nxd5 14. Ne4 f5 15. Nf2 exd4 16. exd4 O-O 17. Qd2 Bf6 18. Bb2 Rfe8 19. Rfe1 Qd6 20. Nd3 g5 21. f4 gxf4 22. gxf4 Bh4 23. Rxe8+ Rxe8 24. Ne5 Nf8 25. Rf1 Qh6 26. Qd3 Ne6 27. Bxd5 cxd5 28. Qb5 Rd8 29. Qxb7 Nxf4 30. Qf7+ Kh7 31. Qxf5+ Ng6 32. Bc1 Rf8 33. Bxh6 Rxf5 34. Rxf5 Kxh6 35. Nxg6 Kxg6 36. Rxd5 Bf6 37. Kg2 1-0

[Event "European Blitz-ch 2018"]
[Site "Skopje"]
[Date "2018.12.07"]
[Round "20"]
[White "Bosiocic, Marin"]
[Black "Pershin, Denis"]
[Result "0-1"]
[WhiteElo "2599"]
[BlackElo "2400"]
[Annotator "TA"]
[PlyCount "88"]
[EventDate "2018.12.06"]
[EventType "swiss"]
[EventCountry "MKD"]

1. e4 c6 2. d4 d5 3. e5 Bf5 4. Nf3 e6 5. Be2 c5 6. Be3 Qb6 7. Nc3 Nc6 8. O-O Qxb2 9. Nb5 c4 10. Nc7+ Kd7 11. Nxa8 Bxc2 12. Qc1 Ba3 13. Bg5 h6 14. Bh4 Qxc1 15. Raxc1 Bxc1 16. Rxc1 Bg6 17. Bd1 Nge7 18. Ba4 Rxa8 19. Bxe7 Kxe7 20. Bxc6 bxc6 21. Rc3 Rb8 22. h3 Kd7 23. Ra3 Rb7 24. Kf1 Kc7 25. Ke2 Kb6 26. Kd2 Be4 27. Ne1 Kb5 28. f3 Bg6 29. Kc3 a5 30. g4 Ka6 31. Ng2 Rb1 32. Nh4 Rc1+ 33. Kd2 Rc2+ 34. Kd1 Rh2 35. f4 Bd3 36. f5 Rxh3 37. Ng6 Bxf5 38. Rxh3 Bxg4+ 39. Kd2 Bxh3 40. Nh8 f6 41. Nf7 Kb6 42. exf6 gxf6 43. Nxh6 e5 44. Kc3 Be6 0-1

[Event "European Blitz-ch 2018"]
[Site "Skopje"]
[Date "2018.12.07"]
[Round "20"]
[White "Perunovic, Milos"]
[Black "Kevlishvili, Robby"]
[Result "0-1"]
[WhiteElo "2597"]
[BlackElo "2451"]
[Annotator "TA"]
[PlyCount "70"]
[EventDate "2018.12.06"]
[EventType "swiss"]
[EventCountry "MKD"]

1. e4 c5 2. Nf3 d6 3. d4 cxd4 4. Nxd4 Nf6 5. Nc3 a6 6. Be3 e6 7. g4 h6 8. Bg2 Be7 9. Qe2 Nc6 10. O-O-O Nxd4 11. Bxd4 Qa5 12. h3 e5 13. Be3 Be6 14. Kb1 Rc8 15. Nd5 Nxd5 16. exd5 Bd7 17. f4 O-O 18. fxe5 dxe5 19. d6 Bf6 20. Bd5 e4 21. Rhf1 Be5 22. Bf4 Rc5 23. Qxe4 Bxb2 24. Kxb2 Qc3+ 25. Kb1 Bc6 26. Bxc6 bxc6 27. Rf3 Rb8+ 28. Kc1 Qb2+ 29. Kd2 Rb4 30. Rb3 Rd4+ 31. Ke3 Rxe4+ 32. Kxe4 Qxc2+ 33. Rbd3 Rd5 34. d7 Rxd7 35. R1d2 Qc4+ 0-1

[Event "European Blitz-ch 2018"]
[Site "Skopje"]
[Date "2018.12.07"]
[Round "20"]
[White "Georgiev, Kiril"]
[Black "Tejedor Fuente, Enrique"]
[Result "1/2-1/2"]
[WhiteElo "2595"]
[BlackElo "2428"]
[Annotator "TA"]
[PlyCount "134"]
[EventDate "2018.12.06"]
[EventType "swiss"]
[EventCountry "MKD"]

1. c4 c6 2. Nf3 d5 3. e3 Nf6 4. Nc3 Nbd7 5. Qc2 a6 6. b3 e6 7. Bb2 Bd6 8. Be2 O-O 9. d4 b5 10. O-O Bb7 11. e4 dxe4 12. Nxe4 Nxe4 13. Qxe4 Nf6 14. Qh4 bxc4 15. bxc4 c5 16. Rad1 Ne4 17. Qh5 Qe7 18. Bd3 Nf6 19. Qh3 h6 20. Rfe1 Bxf3 21. Qxf3 cxd4 22. Bxd4 Bc5 23. Be5 Rad8 24. h3 Bd6 25. Ba1 Rfe8 26. Bc2 Bb4 27. Rf1 Rxd1 28. Rxd1 Rd8 29. Rd3 Rxd3 30. Qxd3 Bc5 31. Be5 Bb4 32. g3 Bc5 33. Qf3 Nd7 34. Qe4 f5 35. Qe2 Nxe5 36. Qxe5 Qd6 37. Qxd6 Bxd6 38. g4 g6 39. Kg2 Kf7 40. Ba4 Kf6 41. Be8 g5 42. Bd7 Ke7 43. Bc8 fxg4 44. hxg4 a5 45. Kf3 Bc5 46. Ke2 Kd6 47. f3 Ke5 48. Kd3 Kf4 49. Bb7 Ke5 50. a4 Kf4 51. Ke2 Bb6 52. Bc8 Ke5 53. Kd3 Bc5 54. Bd7 Kf4 55. Ke2 Ke5 56. Kd3 Kd6 57. Bc8 Ke5 58. Bb7 Kf4 59. Ba8 Bb6 60. Bb7 Ke5 61. Bc8 Bc5 62. Bd7 Kd6 63. Be8 Ke5 64. Bc6 Bb6 65. Ba8 Ba7 66. Bb7 Bb6 67. Bc6 Bc5 1/2-1/2

[Event "European Blitz-ch 2018"]
[Site "Skopje"]
[Date "2018.12.07"]
[Round "20"]
[White "Stocek, Jiri"]
[Black "Ragger, Markus"]
[Result "0-1"]
[WhiteElo "2576"]
[BlackElo "2687"]
[Annotator "TA"]
[PlyCount "98"]
[EventDate "2018.12.06"]
[EventType "swiss"]
[EventCountry "MKD"]

1. d4 Nf6 2. Nf3 g6 3. Bf4 Bg7 4. e3 O-O 5. h3 d6 6. Be2 c5 7. O-O Nc6 8. c3 cxd4 9. exd4 Nd5 10. Bh2 e5 11. dxe5 dxe5 12. Nbd2 Nf4 13. Bxf4 exf4 14. Re1 Be6 15. Bc4 Bf5 16. Ne4 Na5 17. Bd5 Qb6 18. b4 Nc6 19. Qb3 Bxe4 20. Rxe4 a5 21. Rae1 axb4 22. cxb4 Qc7 23. b5 Na5 24. Qd3 Rad8 25. Ng5 h6 26. Nxf7 Rxd5 27. Nxh6+ Bxh6 28. Qxd5+ Qf7 29. Qxf7+ Rxf7 30. Re8+ Bf8 31. R1e4 Kg7 32. Ra8 b6 33. Rd8 f3 34. gxf3 Nb7 35. Rb8 Bc5 36. Kg2 Nd6 37. Re6 Nxb5 38. Rc8 Nd4 39. Re3 Nf5 40. Rb3 Nh4+ 41. Kg3 g5 42. Rc6 Nf5+ 43. Kg4 Nd4 44. Rbxb6 Bxb6 45. Rxb6 Nxf3 46. h4 Rf4+ 47. Kg3 Nxh4 48. Rb7+ Kg6 49. Rb6+ Kh5 0-1

[Event "European Blitz-ch 2018"]
[Site "Skopje"]
[Date "2018.12.07"]
[Round "20"]
[White "Djukic, Nikola"]
[Black "Markoja, Boris"]
[Result "0-1"]
[WhiteElo "2574"]
[BlackElo "2430"]
[Annotator "TA"]
[PlyCount "106"]
[EventDate "2018.12.06"]
[EventType "swiss"]
[EventCountry "MKD"]

1. e4 c5 2. Nf3 g6 3. d4 cxd4 4. Nxd4 Nc6 5. Nc3 Bg7 6. Be3 Nf6 7. Bc4 O-O 8. Bb3 Re8 9. h3 d6 10. Qd2 Na5 11. g4 Nxb3 12. axb3 d5 13. e5 Ne4 14. Nxe4 dxe4 15. e6 fxe6 16. O-O-O Qd5 17. Kb1 b6 18. Qe2 Qe5 19. Qb5 Bb7 20. Qxe5 Bxe5 21. Nxe6 Bc6 22. Rhe1 Kf7 23. Ng5+ Kg8 24. Bd4 Bf4 25. Nxe4 Rad8 26. f3 Rf8 27. Bc3 Rxd1+ 28. Rxd1 Bc7 29. Rd3 Bb5 30. Re3 Bf4 31. Re1 Bc7 32. Ng5 Bd6 33. Be5 h6 34. Bxd6 hxg5 35. Rxe7 Rxf3 36. Rxa7 Bf1 37. Rb7 b5 38. Rb8+ Kg7 39. Ka2 Rxh3 40. Rf8 Be2 41. Rf2 Bxg4 42. Be5+ Kg8 43. Ka3 Re3 44. Bd4 Re2 45. Rf6 Bf5 46. c3 g4 47. Rb6 g3 48. Rxb5 g2 49. Rb8+ Kf7 50. c4 Rd2 51. Rb7+ Ke6 52. Ba7 Rd1 53. c5 g1=Q 0-1

[Event "European Blitz-ch 2018"]
[Site "Skopje"]
[Date "2018.12.07"]
[Round "20"]
[White "Moroni, Luca Jr"]
[Black "Jirovsky, Milos"]
[Result "0-1"]
[WhiteElo "2564"]
[BlackElo "2448"]
[Annotator "TA"]
[PlyCount "87"]
[EventDate "2018.12.06"]
[EventType "swiss"]
[EventCountry "MKD"]

1. c4 e6 2. Nc3 d5 3. d4 c5 4. cxd5 cxd4 5. Qxd4 Nc6 6. Qa4 exd5 7. Nf3 Nf6 8. Bg5 Be7 9. e3 O-O 10. Rd1 Be6 11. Be2 h6 12. Bh4 Qb6 13. Qc2 Rfd8 14. O-O d4 15. exd4 Nxd4 16. Nxd4 Rxd4 17. Rxd4 Qxd4 18. Bg3 Rc8 19. h3 Nd5 20. Rd1 Qc5 21. Be5 Nxc3 22. Bxc3 Bf6 23. Qe4 Bxc3 24. bxc3 b6 25. c4 Qc7 26. h4 Rd8 27. Rd3 Rxd3 28. Bxd3 Kf8 29. f4 g6 30. Kh2 Bf5 31. Qa8+ Kg7 32. Bxf5 Qxf4+ 33. g3 Qf2+ 34. Kh1 Qxf5 35. Qxa7 Qh3+ 36. Kg1 Qxg3+ 37. Kf1 Qxh4 38. Qa6 Qd4 39. Qb5 h5 40. a4 h4 41. a5 bxa5 42. c5 h3 43. Qb8 Qxc5 44. Ke2 0-1

[Event "European Blitz-ch 2018"]
[Site "Skopje"]
[Date "2018.12.07"]
[Round "20"]
[White "Brkic, Ante"]
[Black "Djuric, Stefan"]
[Result "0-1"]
[WhiteElo "2563"]
[BlackElo "2371"]
[Annotator "TA"]
[PlyCount "152"]
[EventDate "2018.12.06"]
[EventType "swiss"]
[EventCountry "MKD"]

1. e4 c5 2. Nf3 g6 3. d4 Bg7 4. dxc5 Qa5+ 5. c3 Qxc5 6. Na3 d6 7. Nb5 Bh6 8. Bxh6 Nxh6 9. Be2 a6 10. Nbd4 Ng4 11. O-O O-O 12. Qd2 Nd7 13. Rad1 Ndf6 14. Bd3 Ne5 15. h3 b5 16. Nxe5 dxe5 17. Nf3 Bb7 18. Qg5 Nxe4 19. Qxe5 Qxe5 20. Nxe5 Rfd8 21. Bc2 Kg7 22. Rfe1 Nf6 23. Nd3 Be4 24. f3 Bxd3 25. Bxd3 Rd7 26. Bc2 Rad8 27. Rxd7 Rxd7 28. Rd1 Rc7 29. Bd3 e6 30. Kf2 Nd5 31. Be4 Nb6 32. Bd3 Na4 33. Rd2 Rd7 34. Ke2 h5 35. c4 b4 36. Ke3 a5 37. b3 Nc3 38. Rc2 e5 39. a3 h4 40. axb4 axb4 41. Rd2 Kf6 42. Be4 Rxd2 43. Kxd2 Ke7 44. Bc2 Kd6 45. Ke3 f5 46. f4 e4 47. Kd4 Ne2+ 48. Ke3 Nc3 49. Kd4 Ne2+ 50. Ke3 Nc3 51. Kd4 Ne2+ 52. Ke3 Nc3 53. Kd4 Ne2+ 54. Ke3 Nc3 55. Kd4 Ne2+ 56. Ke3 Nc3 57. Kd4 Ne2+ 58. Ke3 Nc3 59. Kd4 Ne2+ 60. Ke3 Nc3 61. Kd4 Ne2+ 62. Ke3 Nc3 63. Kd4 Ne2+ 64. Ke3 Nc3 65. Kd4 Ne2+ 66. Ke3 Nc3 67. Kd4 Ne2+ 68. Ke3 Nc3 69. Kd4 Ne2+ 70. Ke3 Nc3 71. Kd4 Ne2+ 72. Ke3 Nc3 73. Kd4 Kc6 74. Ke5 e3 75. Bd3 e2 76. Bxe2 Nxe2 0-1

[Event "European Blitz-ch 2018"]
[Site "Skopje"]
[Date "2018.12.07"]
[Round "20"]
[White "Kadric, Denis"]
[Black "Bartel, Mateusz"]
[Result "0-1"]
[WhiteElo "2554"]
[BlackElo "2600"]
[Annotator "TA"]
[PlyCount "82"]
[EventDate "2018.12.06"]
[EventType "swiss"]
[EventCountry "MKD"]

1. d3 g6 2. g3 Bg7 3. Bg2 c5 4. e4 Nc6 5. f4 d6 6. Nf3 Nf6 7. O-O Rb8 8. h3 b5 9. Nc3 b4 10. Ne2 Nd7 11. Nh4 Qb6 12. Kh2 Ba6 13. f5 c4 14. Nf4 Nf6 15. Nf3 cxd3 16. cxd3 O-O 17. g4 Ne5 18. g5 Nfd7 19. Kh1 Qd8 20. Be3 Nxf3 21. Qxf3 Bxb2 22. Rab1 Be5 23. Rfc1 Bb7 24. d4 Bg7 25. Qg4 a5 26. h4 Qb6 27. fxg6 Ne5 28. gxh7+ Kh8 29. Qe2 Ng6 30. d5 Qd8 31. Qh5 Nxf4 32. Bxf4 Ba6 33. Bf1 Bxf1 34. Rxf1 Qc8 35. Bh2 Qc4 36. Rbe1 Qxa2 37. Rxf7 Rxf7 38. Qxf7 Rf8 39. Qh5 Qf2 40. Qe2 Qxh4 41. Rg1 Rf2 0-1

[Event "European Blitz-ch 2018"]
[Site "Skopje"]
[Date "2018.12.07"]
[Round "20"]
[White "Saric, Ante"]
[Black "Esipenko, Andrey"]
[Result "0-1"]
[WhiteElo "2533"]
[BlackElo "2593"]
[Annotator "TA"]
[PlyCount "126"]
[EventDate "2018.12.06"]
[EventType "swiss"]
[EventCountry "MKD"]

1. Nf3 Nf6 2. c4 e6 3. g3 b6 4. Bg2 Bb7 5. O-O Be7 6. Nc3 O-O 7. d4 Ne4 8. Qc2 Nxc3 9. Qxc3 Be4 10. b3 d6 11. Bb2 Nd7 12. Rad1 Qc8 13. Bh3 Bb7 14. Rfe1 Bf6 15. e4 Qe8 16. Qd2 Rd8 17. Bg2 g6 18. h4 Bg7 19. h5 Nf6 20. hxg6 fxg6 21. Qc2 Ng4 22. d5 Bxb2 23. Qxb2 e5 24. Re2 Bc8 25. Qd2 Qe7 26. Nh4 Nf6 27. Qg5 Nxd5 28. Qxe7 Nxe7 29. b4 Nc6 30. a3 Nd4 31. Re3 c5 32. Bf1 Bg4 33. Rdd3 Rf6 34. f3 Be6 35. Ng2 Rdf8 36. Ne1 Kg7 37. Rc3 h5 38. b5 g5 39. a4 g4 40. Bg2 a5 41. bxa6 Ra8 42. f4 Rxa6 43. fxe5 dxe5 44. Nd3 Nc6 45. Ra3 Bxc4 46. Nb2 Be6 47. Bf1 Ra7 48. Bb5 Nd4 49. Nd1 Nc2 50. Rac3 Nxe3 51. Nxe3 Rf3 52. Kg2 Bd7 53. Bxd7 Rxd7 54. Nf5+ Kf6 55. Rc2 Rfd3 56. Kf1 Rd2 57. Rc3 Rb2 58. Ke1 Kg5 59. Ne3 Rd4 60. Kf1 Rxe4 61. Nc4 Rb4 62. Nd6 Red4 63. Nf7+ Kf6 0-1

[Event "European Blitz-ch 2018"]
[Site "Skopje"]
[Date "2018.12.07"]
[Round "20"]
[White "Popov, Valerij"]
[Black "Dimitrov, Radoslav"]
[Result "0-1"]
[WhiteElo "2532"]
[BlackElo "2534"]
[Annotator "TA"]
[PlyCount "78"]
[EventDate "2018.12.06"]
[EventType "swiss"]
[EventCountry "MKD"]

1. Nf3 c5 2. c4 Nc6 3. Nc3 g6 4. e3 Nf6 5. d4 cxd4 6. exd4 d5 7. Be2 Bg7 8. O-O O-O 9. h3 dxc4 10. Bxc4 Na5 11. Bd3 Be6 12. Re1 Rc8 13. Bg5 Re8 14. Rc1 Nd5 15. Bb5 Nc6 16. Ne4 h6 17. Bh4 Qb6 18. Bxc6 Rxc6 19. Nc5 Bf5 20. Ne5 Bxe5 21. Rxe5 Rd6 22. Qa4 Qc6 23. Qxc6 bxc6 24. g4 Bc8 25. Bg3 Rdd8 26. a3 Nc7 27. Nb3 Nb5 28. Rxc6 Nxd4 29. Nxd4 Rxd4 30. Rc7 Rd1+ 31. Kh2 Be6 32. Bf4 g5 33. Be3 Bd5 34. Rc1 Rxc1 35. Bxc1 e6 36. Bd2 Rd8 37. Bc3 f6 38. Re3 Kf7 39. Rd3 h5 0-1

[Event "European Blitz-ch 2018"]
[Site "Skopje"]
[Date "2018.12.07"]
[Round "20"]
[White "Santos Ruiz, Miguel"]
[Black "Saric, Ivan"]
[Result "1/2-1/2"]
[WhiteElo "2523"]
[BlackElo "2695"]
[Annotator "TA"]
[PlyCount "222"]
[EventDate "2018.12.06"]
[EventType "swiss"]
[EventCountry "MKD"]

1. e4 g6 2. d4 Bg7 3. Be3 d6 4. Qd2 c6 5. Ne2 Nd7 6. f3 b5 7. a4 bxa4 8. Nbc3 Nb6 9. Nf4 e5 10. dxe5 Bxe5 11. Bd4 Qe7 12. Nxa4 Nxa4 13. Rxa4 Nf6 14. Be2 O-O 15. O-O Rd8 16. Rfa1 c5 17. Bxe5 dxe5 18. Nd3 Be6 19. Qc3 Nd7 20. Nxe5 Nxe5 21. Qxe5 Rd2 22. Bd3 Rxg2+ 23. Kh1 c4 24. Bxc4 Rxc2 25. Bxe6 fxe6 26. Rxa7 Rxa7 27. Qb8+ Qf8 28. Qxf8+ Kxf8 29. Rxa7 Rxb2 30. Rxh7 Rf2 31. Rh3 Kf7 32. Kg1 Re2 33. Rg3 Kf6 34. Rg2 Re3 35. Rf2 Ra3 36. Kg2 g5 37. Kg3 Ra1 38. Rd2 Rg1+ 39. Kf2 Rh1 40. Kg2 Ra1 41. Rd8 Kf7 42. Rh8 Kg7 43. Rb8 Kf7 44. Rb7+ Kf6 45. Rh7 Kg6 46. Rh8 Kg7 47. Rc8 Kf7 48. Kg3 Rg1+ 49. Kf2 Rh1 50. Kg2 Ra1 51. h3 Rb1 52. Rc5 Kf6 53. Kf2 Ra1 54. Rc8 Kf7 55. Rc2 Kf6 56. Kg3 Rg1+ 57. Rg2 Rf1 58. Rh2 Rg1+ 59. Kf2 Ra1 60. Kg3 Rg1+ 61. Rg2 Rf1 62. Kg4 Kg6 63. h4 gxh4 64. Kxh4+ Kf6 65. Kg4 Re1 66. Rh2 Rg1+ 67. Kf4 e5+ 68. Ke3 Ra1 69. Rh6+ Kf7 70. Kf2 Rb1 71. Kg3 Rg1+ 72. Kf2 Rc1 73. Rh3 Kf6 74. Kg3 Rg1+ 75. Kh4 Rg8 76. Rg3 Rh8+ 77. Kg4 Rh7 78. Rg2 Rg7+ 79. Kh3 Rh7+ 80. Kg3 Rg7+ 81. Kf2 Rb7 82. Kg3 Rg7+ 83. Kf2 Rb7 84. Rg1 Rb2+ 85. Kg3 Ra2 86. Rb1 Rc2 87. Rb6+ Kf7 88. Kg4 Rf2 89. Ra6 Rf1 90. Rh6 Rf2 91. Rh7+ Kf6 92. Rh6+ Kf7 93. Kg3 Rf1 94. Rh2 Kf6 95. Rh6+ Kf7 96. Kg4 Rf2 97. Rd6 Rf1 98. Rd2 Kf6 99. Rd6+ Kf7 100. Ra6 Rf2 101. Ra3 Kf6 102. Ra6+ Kf7 103. Kf5 Rxf3+ 104. Kxe5 Re3 105. Ra7+ Kf8 106. Kf5 Rb3 107. Ra6 Kf7 108. Ra7+ Kf8 109. e5 Rb6 110. Rd7 Ke8 111. Rh7 Ra6 1/2-1/2

[Event "European Blitz-ch 2018"]
[Site "Skopje"]
[Date "2018.12.07"]
[Round "20"]
[White "Demidov, Mikhail"]
[Black "Petkidis, Anthony"]
[Result "1-0"]
[WhiteElo "2520"]
[BlackElo "2375"]
[PlyCount "89"]
[EventDate "2018.12.06"]
[EventType "swiss"]
[EventCountry "MKD"]

1. d4 d5 2. Nf3 Nf6 3. Bf4 c5 4. dxc5 Na6 5. e3 Nxc5 6. c4 e6 7. Nc3 Be7 8. cxd5 exd5 9. Bb5+ Bd7 10. O-O Bxb5 11. Nxb5 O-O 12. Qe2 a6 13. Nbd4 Re8 14. h3 Bf8 15. Rac1 Qb6 16. Rc2 Ne6 17. Be5 Ne4 18. Rfc1 N6c5 19. Bh2 Red8 20. a3 Rd7 21. Ne5 Re7 22. Nd3 Nb3 23. Nxb3 Qxb3 24. Be5 Qb5 25. Bd4 Rd7 26. Ne5 Qxe2 27. Rxe2 Re7 28. Rec2 f6 29. Nd3 Kf7 30. Rc8 Rxc8 31. Rxc8 Re8 32. Rxe8 Kxe8 33. Nf4 Kd7 34. Nxd5 Kc6 35. Nf4 b5 36. Ne6 Be7 37. Nxg7 Kd5 38. Kf1 a5 39. Ke2 Kc4 40. Nf5 Bd8 41. f3 Ng5 42. Nd6+ Kb3 43. Nxb5 Ne6 44. Bc3 f5 45. Nd4+ 1-0

[Event "European Blitz-ch 2018"]
[Site "Skopje"]
[Date "2018.12.07"]
[Round "20"]
[White "Jovanovic, Zoran"]
[Black "Stevic, Hrvoje"]
[Result "1/2-1/2"]
[WhiteElo "2518"]
[BlackElo "2587"]
[Annotator "TA"]
[PlyCount "25"]
[EventDate "2018.12.06"]
[EventType "swiss"]
[EventCountry "MKD"]

1. e4 c6 2. Nf3 d5 3. exd5 cxd5 4. Ne5 Nc6 5. Bb5 Qc7 6. d4 Nf6 7. O-O e6 8. c4 dxc4 9. Qa4 Bd7 10. Bf4 Nxe5 11. Bxe5 Bxb5 12. Qxb5+ Qd7 13. Qxc4 1/2-1/2

[Event "European Blitz-ch 2018"]
[Site "Skopje"]
[Date "2018.12.07"]
[Round "20"]
[White "Van Foreest, Lucas"]
[Black "Belyakov, Bogdan"]
[Result "0-1"]
[WhiteElo "2500"]
[BlackElo "2459"]
[Annotator "TA"]
[PlyCount "88"]
[EventDate "2018.12.06"]
[EventType "swiss"]
[EventCountry "MKD"]

1. e4 c5 2. Nf3 Nf6 3. Nc3 d5 4. exd5 Nxd5 5. d4 Nxc3 6. bxc3 g6 7. Bc4 Bg7 8. h4 cxd4 9. cxd4 Nc6 10. c3 Na5 11. Qa4+ Bd7 12. Bb5 Nc6 13. Qb3 h5 14. Ng5 O-O 15. Bc4 e6 16. Qd1 Qc7 17. Bd3 e5 18. Ba3 exd4 19. O-O dxc3 20. Bxf8 Rxf8 21. Qb3 Na5 22. Qa3 b6 23. Rac1 Nc4 24. Bxc4 Qxc4 25. Qxa7 Bf5 26. Qxb6 Qxh4 27. Nf3 Qc4 28. Qe3 Qxa2 29. Nd4 Bxd4 30. Qxd4 c2 31. Rfe1 Qb3 32. Qe3 Qb2 33. Qe5 Qb4 34. Re2 Rc8 35. Qe3 Qb2 36. Qd2 Rb8 37. Ree1 Qa2 38. Qf4 Qb3 39. Re3 Qb2 40. Re2 Rb4 41. Qd2 Rd4 42. Rxc2 Qb1+ 43. Qc1 Bxc2 44. Rxc2 Rd1+ 0-1

[Event "European Blitz-ch 2018"]
[Site "Skopje"]
[Date "2018.12.07"]
[Round "20"]
[White "Damljanovic, Branko"]
[Black "Ivanisevic, Ivan"]
[Result "0-1"]
[WhiteElo "2495"]
[BlackElo "2603"]
[Annotator "TA"]
[PlyCount "76"]
[EventDate "2018.12.06"]
[EventType "swiss"]
[EventCountry "MKD"]

1. Nf3 c5 2. c4 Nc6 3. Nc3 g6 4. e3 Bg7 5. d4 d6 6. Be2 e6 7. d5 exd5 8. cxd5 Nce7 9. e4 Nf6 10. Nd2 O-O 11. O-O Ne8 12. Nc4 f5 13. Bg5 h6 14. Bxe7 Qxe7 15. exf5 Bxf5 16. Bd3 Qh4 17. g3 Qh3 18. Ne2 Bg4 19. Be4 Bd4 20. Qd3 Bxe2 21. Qxe2 Nf6 22. Bg2 Qg4 23. Qd3 Rae8 24. h3 Qe2 25. Rad1 Qxd3 26. Rxd3 Re2 27. a4 Nd7 28. Nxd6 Ne5 29. Rb3 Rfxf2 30. Rxf2 Rxf2 31. Kh1 Re2 32. g4 b6 33. a5 c4 34. axb6 axb6 35. Ra3 Rxb2 36. Be4 Re2 37. Ra8+ Kg7 38. Ra7+ Kf6 0-1

[Event "European Blitz-ch 2018"]
[Site "Skopje"]
[Date "2018.12.07"]
[Round "20"]
[White "Milanovic, Danilo"]
[Black "Ivic, Velimir"]
[Result "0-1"]
[WhiteElo "2494"]
[BlackElo "2497"]
[PlyCount "64"]
[EventDate "2018.12.06"]
[EventType "swiss"]
[EventCountry "MKD"]

1. d4 Nf6 2. Bf4 g6 3. Nc3 d5 4. Nb5 Na6 5. e3 Bg7 6. c4 O-O 7. Nf3 c5 8. dxc5 Ne4 9. cxd5 Qa5+ 10. Nd2 Bxb2 11. Rb1 Bc3 12. Nxc3 Nxc3 13. Nb3 Qxa2 14. Ra1 Qb2 15. Qc1 Qxb3 16. Ra3 Na2 17. Rxb3 Nxc1 18. Ra3 Nxc5 19. Bc4 Bf5 20. O-O N1d3 21. Bg5 f6 22. Bh6 Rfd8 23. g4 Bxg4 24. f3 Bh3 25. Rb1 Ne5 26. Be2 g5 27. f4 Nf7 28. fxg5 fxg5 29. e4 Bd7 30. Rc3 Nxe4 31. Re3 Nxh6 32. Rxe4 Bf5 0-1

[Event "European Blitz-ch 2018"]
[Site "Skopje"]
[Date "2018.12.07"]
[Round "20"]
[White "Zajic, Milan"]
[Black "Nenezic, Marko"]
[Result "0-1"]
[WhiteElo "2488"]
[BlackElo "2515"]
[Annotator "TA"]
[PlyCount "70"]
[EventDate "2018.12.06"]
[EventType "swiss"]
[EventCountry "MKD"]

1. e4 c5 2. Nf3 Nc6 3. d4 cxd4 4. Nxd4 Nf6 5. Nc3 e5 6. Ndb5 d6 7. a4 a6 8. Na3 Be6 9. Bc4 Rc8 10. Bxe6 fxe6 11. O-O Be7 12. Nc4 Nd4 13. Qd3 O-O 14. Be3 Qc7 15. Nd2 Nc6 16. Nb3 Nb4 17. Qd2 d5 18. exd5 exd5 19. Bg5 d4 20. Bxf6 gxf6 21. Nxd4 exd4 22. Qxd4 Kh8 23. Qe4 Bc5 24. Rad1 Rce8 25. Qf3 Qc6 26. Qh3 Rg8 27. g3 Rg7 28. Rfe1 Reg8 29. Re4 Nxc2 30. Rd5 Nb4 31. Rh5 Nd3 32. Rf5 Qd6 33. Rd5 Nxf2 34. Rxd6 Nxh3+ 35. Kg2 Bxd6 0-1

[Event "European Blitz-ch 2018"]
[Site "Skopje"]
[Date "2018.12.07"]
[Round "20"]
[White "Dvirnyy, Danyyil"]
[Black "Timmermans, Mark"]
[Result "1-0"]
[WhiteElo "2485"]
[BlackElo "2375"]
[Annotator "TA"]
[PlyCount "87"]
[EventDate "2018.12.06"]
[EventType "swiss"]
[EventCountry "MKD"]

1. e4 e5 2. Nf3 Nc6 3. Bb5 f5 4. Nc3 fxe4 5. Nxe4 d5 6. Nxe5 dxe4 7. Nxc6 Qg5 8. Qe2 Nf6 9. f4 Qxf4 10. d4 Qh4+ 11. g3 Qh3 12. Ne5+ c6 13. Bc4 Be6 14. Bf4 O-O-O 15. O-O-O Bd6 16. Bb3 Rhe8 17. Kb1 Bc7 18. Rhe1 Bf5 19. Nxc6 bxc6 20. Qa6+ Kb8 21. Bxc7+ Kxc7 22. Qxa7+ Kd6 23. Qxg7 Nh5 24. Qa7 Bg4 25. c4 Rd7 26. Qc5+ Kc7 27. Rc1 Ra8 28. d5 Rd6 29. Ka1 Bf3 30. Bc2 Nf6 31. Re3 Qh6 32. Rce1 Qg5 33. Rb3 Qd2 34. Qb6+ Kd7 35. Qb7+ Ke8 36. Qxa8+ Kf7 37. Rb7+ Kg6 38. Rb1 Qxc2 39. Qf8 Rd7 40. Rxd7 Nxd7 41. Qe8+ Kg5 42. dxc6 Nb6 43. Qd8+ Kg4 44. Qxb6 1-0

[Event "European Blitz-ch 2018"]
[Site "Skopje"]
[Date "2018.12.07"]
[Round "20"]
[White "Beerdsen, Thomas"]
[Black "Dragnev, Valentin"]
[Result "1-0"]
[WhiteElo "2477"]
[BlackElo "2483"]
[Annotator "TA"]
[PlyCount "86"]
[EventDate "2018.12.06"]
[EventType "swiss"]
[EventCountry "MKD"]

1. e4 c5 2. Nf3 e6 3. d4 cxd4 4. Nxd4 Nc6 5. Nc3 Qc7 6. Qd3 Nf6 7. Ndb5 Qb8 8. Qg3 d6 9. Be3 a6 10. Nd4 Bd7 11. f4 g6 12. Be2 Bg7 13. Rd1 O-O 14. O-O b5 15. a3 Nxd4 16. Bxd4 Bc6 17. f5 e5 18. Be3 a5 19. Qh4 b4 20. Nd5 Bxd5 21. exd5 bxa3 22. bxa3 Rc8 23. fxg6 fxg6 24. Rxf6 Bxf6 25. Qxf6 Rf8 26. Qe6+ Kg7 27. Bg4 Qc7 28. c4 Qxc4 29. h3 Qc7 30. Rc1 Qf7 31. Qxd6 Rad8 32. Qxe5+ Qf6 33. Qxf6+ Kxf6 34. Rc5 Ke5 35. Bf3 a4 36. Ra5 Ra8 37. Rc5 Rfc8 38. Kf2 Rxc5 39. Bxc5 Rc8 40. Bb4 g5 41. Kg3 h5 42. d6 Rg8 43. Bxh5 Rh8 1-0

[Event "European Blitz-ch 2018"]
[Site "Skopje"]
[Date "2018.12.07"]
[Round "20"]
[White "Pezelj, Novak"]
[Black "Potapov, Pavel"]
[Result "1-0"]
[WhiteElo "2475"]
[BlackElo "2516"]
[Annotator "TA"]
[PlyCount "105"]
[EventDate "2018.12.06"]
[EventType "swiss"]
[EventCountry "MKD"]

1. e4 c5 2. Nf3 Nc6 3. c3 Nf6 4. e5 Nd5 5. d4 cxd4 6. cxd4 g6 7. Nc3 Nxc3 8. bxc3 Bg7 9. Be2 O-O 10. O-O d6 11. exd6 Qxd6 12. Re1 Bf5 13. Qb3 Rab8 14. Ba3 Qc7 15. Rad1 Na5 16. Qb4 Nc6 17. Qc5 b6 18. Qb5 Bd7 19. Qg5 h6 20. Qe3 Rfe8 21. Nd2 Bf5 22. Bb5 Bd7 23. Qg3 Qb7 24. h4 Na5 25. Bd3 h5 26. Rxe7 Rxe7 27. Bxe7 Bg4 28. Bd6 Re8 29. f3 Be6 30. Bb5 Rc8 31. Ne4 a6 32. Bd3 Nc4 33. Bxc4 Bxc4 34. Be5 Qc6 35. Bxg7 Kxg7 36. Qe5+ f6 37. Qe7+ Bf7 38. Nd6 Rc7 39. Ne8+ Qxe8 40. Qxc7 Qe2 41. Rf1 b5 42. a3 Qe3+ 43. Kh2 Qe2 44. Rg1 Qf2 45. Qg3 Qd2 46. Qe1 Qf4+ 47. Kh1 Bc4 48. Qf2 g5 49. hxg5 fxg5 50. Re1 Bf7 51. Qe3 Qh4+ 52. Kg1 Kh7 53. Qe4+ 1-0

[Event "European Blitz-ch 2018"]
[Site "Skopje"]
[Date "2018.12.07"]
[Round "20"]
[White "Kalezic, Blazo"]
[Black "Artemiev, Vladislav"]
[Result "0-1"]
[WhiteElo "2460"]
[BlackElo "2709"]
[Annotator "TA"]
[PlyCount "84"]
[EventDate "2018.12.06"]
[EventType "swiss"]
[EventCountry "MKD"]

1. e4 c5 2. Nf3 d6 3. d4 cxd4 4. Nxd4 Nf6 5. Nc3 a6 6. Be3 Ng4 7. Bc1 Nc6 8. h3 Nf6 9. Be3 e5 10. Nb3 Be6 11. Qd2 d5 12. exd5 Nxd5 13. Nxd5 Qxd5 14. Qxd5 Bxd5 15. O-O-O O-O-O 16. f3 Be7 17. Bd3 g6 18. a3 f5 19. Bb6 Rd7 20. Rhe1 Bh4 21. Re2 Bd8 22. Bf2 Bg5+ 23. Be3 Bxe3+ 24. Rxe3 Bxb3 25. cxb3 Rhd8 26. Bc2 Rxd1+ 27. Bxd1 a5 28. Be2 Kc7 29. Bc4 h5 30. g4 Rd4 31. Bf7 hxg4 32. hxg4 fxg4 33. Bxg6 g3 34. Re1 Rf4 35. Be4 Nd4 36. Kd2 Rxe4 37. Rxe4 g2 38. Rg4 g1=Q 39. Rxg1 Nxf3+ 40. Ke3 Nxg1 41. Ke4 Kd6 42. b4 axb4 0-1